000 00573nam a22001817a 4500
999 _c184512
_d184512
005 20220121115835.0
010 _aENG-131305
020 _a978-93-5322-947-4
_c225.00
035 _aEN-114837
037 _bDBAD
082 _a000
100 _aJoon, Sanjeev
245 _aSSC CGL Tier-I Examination:
_b25-Solved Papers (2016-2019)/
_cSanjeev Joon
260 _aNew Delhi
_bPrabhat Exam
_c2019
270 _bNew Delhi
_a4/19, Asaf Ali Road
_e110002
_k23289555, 23289666
_mprabhatbook@gmail.com
300 _a263p.
_c28cm(pbk)
942 _2ddc
_cEN
_h000
_mJOO